| Поле | Инд. | ПП | Название | Значение |
|---|---|---|---|---|
| Тип записи | a | |||
| Библиографический уровень | m | |||
| 001 | Контрольный номер | 94a4eadc9a974b61b6d25fe7cb46dc24 | ||
| 005 | Дата корректировки | 20160217134445.0 | ||
| 020 | a | ISBN | 978-5-699-67380-3 | |
| 040 | a | Служба первич. каталог. | НБ ТвГУ | |
| b | Код языка каталог. | rus | ||
| e | Правила каталог. | PSBO | ||
| 041 | 0_ | a | Код языка текста | rus |
| 080 | a | Индекс УДК | 910.4(26) | |
| 084 | a | Индекс другой классификации/Индекс ББК | Д9(0)022 | |
| 090 | a | Полочн. индекс | Д9(0) | |
| x | Авторский знак | К 84 | ||
| 097 | b | Оператор | mimoza3 | |
| 100 | 1_ | a | Автор | Крузенштерн Иван Федорович |
| d | Дата | 1770-1846 | ||
| q | Полное имя | Крузенштерн И. Ф. | ||
| 245 | 00 | a | Заглавие | Первое российское плавание вокруг света |
| c | Ответственность | Рус. геогр. о-во | ||
| 260 | c | Дата издания | 2014 | |
| a | Место издания | Москва | ||
| b | Издательство | Эксмо | ||
| b | Издательство | Око | ||
| 300 | a | Объем | 475 с., [12] л. цв. ил., портр. | |
| b | Иллюстрации/ тип воспроизводства | ил., карты, нот., портр. | ||
| 440 | _0 | a | Серия | Великие русские путешественники |
| 440 | _0 | a | Серия | Библиотека Евроцемент груп |
| 504 | a | Библиография | Библиогр. в подстроч. примеч. | |
| 520 | 0_ | a | Аннотация | Записки выдающегося российского мореплавателя Ивана Федоровича Крузенштерна (1770-1846) -увлекательный и подробный рассказ о первой русской кругосветной экспедиции (1803— 1806), о том, как Россия налаживала связи со странами Азии и тогда еще российскими Аляской и Калифорнией. Успешно проведенное первое кругосветное плавание россиян обогатило мировую науку открытиями и исследованиями, далеко раздвинувшими пределы естествознания и географии. Во время плавания парусников «Надежды» и «Невы» был собран такой огромный астрономический, географический и этнографический материал, что он не до конца изучен и сегодня. Заслуги И. Ф. Крузенштерна высоко оценило мировое научное сообщество: его труд «Путешествие вокруг света» был издан на русском, немецком, английском, французском, итальянском, голландском, шведском и датском языках. Моряк-исследователь cтал членом не только Российской, но и Шведской академии наук. Всемирно признанный мореплаватель, обладавший непререкаемым авторитетом в российском научном мире, стал одним из инициаторов создания в 1845 году Русского географического общества. |
| 653 | 0_ | a | Ключевые слова | Путешествия |
| a | Ключевые слова | Кругосветные путешествия | ||
| a | Ключевые слова | Русские кругосветные путешествия | ||
| a | Ключевые слова | Морские кругосветные путешествия | ||
| a | Ключевые слова | История кругосветных путешествий | ||
| a | Ключевые слова | Русские экспедиции | ||
| a | Ключевые слова | Российский флот | ||
| a | Ключевые слова | Мореплаватели | ||
| a | Ключевые слова | Русские мореплаватели | ||
| a | Ключевые слова | Крузенштерн Иван Федорович | ||
| a | Ключевые слова | 19 в. | ||
| 901 | t | Тип документа | m | |
| 920 | a | Оператор | Поля | |
| a | Оператор | Суха | ||
| a | Оператор | Густ | ||
| a | Оператор | Стро | ||
| 930 | a | Новая/Ретро | новая | |
| 952 | c | Вид литературы | К рн | |
| 954 | b | Дата поступления в ОК | 20160215 | |
| a | Дата поступления на обработку | 20160216 | ||
| c | Дата окончания ОНО | 20160217 |